00000000nam 2200000za 4500
0019.633327
003CaOODSP
00520220505163028
007cr |||||||||||
008150407s2006    onc|||||o    f|0| 0 fre d
020 |a0-662-72700-2
040 |aCaOODSP|bfre
043 |an-cn---
0861 |aHP5-21/1-2006F-PDF
1102 |aAgence de santé publique du Canada.
24510|aAgence de santé publique du Canada |h[ressource électronique] : |baperçu de mesures et d'interventions d'urgence : protéger la santé et la sécurité des Canadiens.
24617|aGuide de référence pour les clients, les partenaires et les intervenants
260 |aOttawa : |bAgence de santé publique du Canada, |c2006.
300 |a27 p. : |bphotographies.
500 |aLe n° de catalogue (HP5-21/1-2006) et l'ISBN (0-662-49559-4) pour l'édition imprimée bilingue ont été incorrectement copiés dans cette édition PDF.
5203 |aCe guide de référence décrit le rôle et les activités du Centre de mesures et d'interventions d'urgence (CMIU) de l'Agence de santé publique du Canada, qui a pour mandat de contribuer au maintien de la sécurité sanitaire des Canadiens. Le guide décrit les principaux secteurs à l'appui de ce mandat : orientation stratégique et coordination; services de gestion et d'administration; sécurité des laboratoires; sécurité de la santé publique; intervention d'urgence; et planification et mesures d'urgence. Préparé à l'intention des clients, des partenaires et des intervenants.
590 |a07-10|b2007-03-09
69107|aProtection civile|2gcpds
77508|tPublic Health Agency of Canada |w(CaOODSP)9.688907
7760#|tPublic Health Agency of Canada : |w(CaOODSP)9.668009
7760#|tOverview of emergency preparedness and response |w(CaOODSP)9.668011
7760#|tAperçu de mesures et d'interventions d'urgence |w(CaOODSP)9.668012
7760#|tAgence de santé publique du Canada : |w(CaOODSP)9.668010
794 |tAperçu des mesures et interventions d'urgence |w(CaOODSP)9.634554
85640|ahttp://publications.gc.ca|qPDF|s3970 Ko|uhttps://publications.gc.ca/collections/Collection/HP5-21-1-2006F.pdf